Doctor Who Monsters By Episode (2005+) Quiz Stats

 Plays Quiz not verified by Sporcle

Challenge
Share
Tweet
Embed
Score 0/30 Timer 10:00
0 Plays Today
Episode Monster % Correct
BlinkWeeping Angels
90.6%
The Sound Of DrumsToclafane/The Master
86.1%
RoseAutons
85.6%
Smith And JonesJudoon
83.9%
The Poison SkySontaran
82.8%
World War ThreeSlitheen
81.1%
The Stolen EarthDaleks/Davros
80.6%
Human NatureThe Family
80.6%
Partners In CrimeAdipose
80%
The Eleventh HourPrisoner Zero/Atraxi
80%
The Forest Of The DeadVashta Nerada
77.8%
The Rebel FleshGangers
77.2%
Closing TimeCybermen
76.1%
Day Of The MoonThe Silence
74.4%
The Unicorn And The WaspVespiform
73.9%
Episode Monster % Correct
MidnightMidnight
73.3%
The Curse Of The Black SpotThe Siren
72.2%
The Impossible PlanetOod
71.1%
The Doctor's DaughterHath
71.1%
The God ComplexThe Minotaur
70.6%
GridlockMacra
70%
The Shakespeare CodeCarrionites
67.8%
UtopiaFutureKind
67.8%
A Good Man Goes To WarHeadless Monks
67.2%
Love & MonstersAbzorbaloff
67.2%
Night TerrorsPeg Dolls/Tensa
64.4%
The Beast BelowStarwhale
62.8%
The Fires Of PompeiiPyrovile
61.1%
Fear HerIsolus
56.7%
Vincent And The DoctorKrafayis
46.7%

You're not logged in!

Compare scores with friends on all Sporcle quizzes.
OR
Log In

You Might Also Like...

Show Comments

Extras

Created Oct 8, 2011ReportNominate
Tags:2005, doctor, episode, monster

Top Quizzes Today


Score Distribution

Your Account Isn't Verified!

In order to create a playlist on Sporcle, you need to verify the email address you used during registration. Go to your Sporcle Settings to finish the process.

Report this User

Report this user for behavior that violates our Community Guidelines.

Details: